000
00236nam a2200097Ia 4500
008
240331s9999 xx 000 0 und d
082
_a
SHA
_b
4
100
_a
Shah, G.R
245
4
_a
The encyclopedia of women's studies :
_b
vol.1-2
942
_c
L
999
_c
5560
_d
5560